| 000 | 00000nam##2200000za#4500 |
| 001 | 9.608211 |
| 003 | CaOODSP |
| 005 | 20210624213519 |
| 007 | cr ||||||||||| |
| 008 | 150406|2005||||xxc|||||o f|0| 0 fre|d |
| 040 | |aCaOODSP|bfre |
| 043 | |an-cn--- |
| 086 | 1 |aSC102-2/21-2005F-MP3 |
| 110 | 2 |aÉcole de la fonction publique du Canada. |
| 245 | 10|a(Se) renseigner sur l'application de normes et de règlements. Fichier audio |h[ressource électronique] |
| 246 | 1 |iTitre additionnel (dans la publication) : |aAuto-évaluation - Activités orales : Objectif de formation 21 |
| 260 | |aOttawa - Ontario : |bÉcole de la fonction publique du Canada |
| 300 | |aDurée : 03:17:06 |
| 490 | 1 |aProgramme de français langue seconde - Niveaux A et B. Fichier audio |vObjectif de formation 21, 2005 |
| 500 | |aTitre de l'édition imprimée et du catalogueur. Fichiers audio qui accompagnent la version imprimée (SC102-2/21-2005F) et électronique (SC102-2/21-2005F-PDF) de ce titre. Comprend des activités de mise en train et de performance d'auto-évaluation orale. |
| 590 | |a15-01-Supp|b2015-01-26 |
| 590 | |a14-52-Supp|b2014-08-22 |
| 830 | #0|aProgramme de français langue seconde - Niveaux A et B. Fichier audio ;|vObjectif de formation 21, 2005|w(CaOODSP)9.504304 |
| 856 | 40|ahttp://publications.gc.ca|qMP3|s3615 Ko|uhttps://publications.gc.ca/collections/collection_2015/efpc-csps/SC102-2-21-33-2005-fra.mp3 |
| 856 | 40|ahttp://publications.gc.ca|qMP3|s2610 Ko|uhttps://publications.gc.ca/collections/collection_2015/efpc-csps/SC102-2-21-39-2005-fra.mp3 |
| 856 | 40|ahttp://publications.gc.ca|qMP3|s2522 Ko|uhttps://publications.gc.ca/collections/collection_2015/efpc-csps/SC102-2-21-40-2005-fra.mp3 |
| 856 | 40|ahttp://publications.gc.ca|qMP3|s2074 Ko|uhttps://publications.gc.ca/collections/collection_2015/efpc-csps/SC102-2-21-8-2005-fra.mp3 |
| 856 | 40|ahttp://publications.gc.ca|qMP3|s2659 Ko|uhttps://publications.gc.ca/collections/collection_2015/efpc-csps/SC102-2-21-42-2005-fra.mp3 |
| 856 | 40|ahttp://publications.gc.ca|qMP3|s1856 Ko|uhttps://publications.gc.ca/collections/collection_2015/efpc-csps/SC102-2-21-13-2005-fra.mp3 |
| 856 | 40|ahttp://publications.gc.ca|qMP3|s2042 Ko|uhttps://publications.gc.ca/collections/collection_2015/efpc-csps/SC102-2-21-20-2005-fra.mp3 |
| 856 | 40|ahttp://publications.gc.ca|qMP3|s1511 Ko|uhttps://publications.gc.ca/collections/collection_2015/efpc-csps/SC102-2-21-21-2005-fra.mp3 |
| 856 | 40|ahttp://publications.gc.ca|qMP3|s2490 Ko|uhttps://publications.gc.ca/collections/collection_2015/efpc-csps/SC102-2-21-22-2005-fra.mp3 |
| 856 | 40|ahttp://publications.gc.ca|qMP3|s7849 Ko|uhttps://publications.gc.ca/collections/collection_2015/efpc-csps/SC102-2-21-23-2005-fra.mp3 |
| 856 | 40|ahttp://publications.gc.ca|qMP3|s2213 Ko|uhttps://publications.gc.ca/collections/collection_2015/efpc-csps/SC102-2-21-26-2005-fra.mp3 |
| 856 | 40|ahttp://publications.gc.ca|qMP3|s3993 Ko|uhttps://publications.gc.ca/collections/collection_2015/efpc-csps/SC102-2-21-28-2005-fra.mp3 |
| 856 | 40|ahttp://publications.gc.ca|qMP3|s1748 Ko|uhttps://publications.gc.ca/collections/collection_2015/efpc-csps/SC102-2-21-16-2005-fra.mp3 |
| 856 | 40|ahttp://publications.gc.ca|qMP3|s2180 Ko|uhttps://publications.gc.ca/collections/collection_2015/efpc-csps/SC102-2-21-17-2005-fra.mp3 |
| 856 | 40|ahttp://publications.gc.ca|qMP3|s12,325 Ko|uhttps://publications.gc.ca/collections/collection_2015/efpc-csps/SC102-2-21-24-2005-fra.mp3 |
| 856 | 40|ahttp://publications.gc.ca|qMP3|s2150 Ko|uhttps://publications.gc.ca/collections/collection_2015/efpc-csps/SC102-2-21-34-2005-fra.mp3 |
| 856 | 40|ahttp://publications.gc.ca|qMP3|s10,156 Ko|uhttps://publications.gc.ca/collections/collection_2015/efpc-csps/SC102-2-21-44-2005-fra.mp3 |
| 856 | 40|ahttp://publications.gc.ca|qMP3|s6703 Ko|uhttps://publications.gc.ca/collections/collection_2015/efpc-csps/SC102-2-21-45-2005-fra.mp3 |
| 856 | 40|ahttp://publications.gc.ca|qMP3|s3348 Ko|uhttps://publications.gc.ca/collections/collection_2015/efpc-csps/SC102-2-21-53-2005-fra.mp3 |
| 856 | 40|ahttp://publications.gc.ca|qMP3|s3242 Ko|uhttps://publications.gc.ca/collections/collection_2015/efpc-csps/SC102-2-21-54-2005-fra.mp3 |
| 856 | 40|ahttp://publications.gc.ca|qMP3|s2397 Ko|uhttps://publications.gc.ca/collections/collection_2015/efpc-csps/SC102-2-21-62-2005-fra.mp3 |
| 856 | 40|ahttp://publications.gc.ca|qMP3|s3024 Ko|uhttps://publications.gc.ca/collections/collection_2015/efpc-csps/SC102-2-21-41-2005-fra.mp3 |
| 856 | 40|ahttp://publications.gc.ca|qMP3|s3913 Ko|uhttps://publications.gc.ca/collections/collection_2015/efpc-csps/SC102-2-21-1p-2005-fra.mp3 |
| 856 | 40|ahttp://publications.gc.ca|qMP3|s2604 Ko|uhttps://publications.gc.ca/collections/collection_2015/efpc-csps/SC102-2-21-2p-2005-fra.mp3 |
| 856 | 40|ahttp://publications.gc.ca|qMP3|s3020 Ko|uhttps://publications.gc.ca/collections/collection_2015/efpc-csps/SC102-2-21-3p-2005-fra.mp3 |
| 856 | 40|ahttp://publications.gc.ca|qMP3|s7134 Ko|uhttps://publications.gc.ca/collections/collection_2015/efpc-csps/SC102-2-21-50-2005-fra.mp3 |
| 856 | 40|ahttp://publications.gc.ca|qMP3|s2416 Ko|uhttps://publications.gc.ca/collections/collection_2015/efpc-csps/SC102-2-21-55-2005-fra.mp3 |
| 856 | 40|ahttp://publications.gc.ca|qMP3|s2957 Ko|uhttps://publications.gc.ca/collections/collection_2015/efpc-csps/SC102-2-21-57-2005-fra.mp3 |
| 856 | 40|ahttp://publications.gc.ca|qMP3|s2305 Ko|uhttps://publications.gc.ca/collections/collection_2015/efpc-csps/SC102-2-21-58-2005-fra.mp3 |
| 856 | 40|ahttp://publications.gc.ca|qMP3|s2140 Ko|uhttps://publications.gc.ca/collections/collection_2015/efpc-csps/SC102-2-21-38-2005-fra.mp3 |
| 856 | 40|ahttp://publications.gc.ca|qMP3|s2619 Ko|uhttps://publications.gc.ca/collections/collection_2015/efpc-csps/SC102-2-21-43-2005-fra.mp3 |
| 856 | 40|ahttp://publications.gc.ca|qMP3|s1740 Ko|uhttps://publications.gc.ca/collections/collection_2015/efpc-csps/SC102-2-21-56-2005-fra.mp3 |
| 856 | 40|ahttp://publications.gc.ca|qMP3|s1626 Ko|uhttps://publications.gc.ca/collections/collection_2015/efpc-csps/SC102-2-21-60-2005-fra.mp3 |
| 856 | 40|ahttp://publications.gc.ca|qMP3|s1520 Ko|uhttps://publications.gc.ca/collections/collection_2015/efpc-csps/SC102-2-21-59-2005-fra.mp3 |
| 856 | 40|ahttp://publications.gc.ca|qMP3|s3055 Ko|uhttps://publications.gc.ca/collections/collection_2015/efpc-csps/SC102-2-21-61-2005-fra.mp3 |
| 856 | 40|ahttp://publications.gc.ca|qMP3|s10,926 Ko|uhttps://publications.gc.ca/collections/collection_2015/efpc-csps/SC102-2-21-1m-2005-fra.mp3 |
| 856 | 40|ahttp://publications.gc.ca|qMP3|s6806 Ko|uhttps://publications.gc.ca/collections/collection_2015/efpc-csps/SC102-2-21-2m-2005-fra.mp3 |
| 856 | 40|ahttp://publications.gc.ca|qMP3|s8772 Ko|uhttps://publications.gc.ca/collections/collection_2015/efpc-csps/SC102-2-21-3m-2005-fra.mp3|yObjectif de formation 21, 2005 |